LEADER 01267nam a2200265 a 4500 001 000000113529 003 CaOOAMICUS 005 20081015110625.0 008 081015s2008 it 001 0 ita r 020 $z978-88-6124-058-2* 040 $aPUL$bita$dLDB 100 1 $aGuglielmi, Giuseppe,$d1976-$0(OLS)http://pul/name/68752 245 13$aLa sfida di dirigere se stessi :$bsoggetto esistenziale e teologia fondazionale in Bernard Lonergan /$cGiuseppe Guglielmi. 260 $aTrapani :$bIl pozzo di Giacobbe,$c2008. 300 $a191 p. ;$c24 cm. 490 1 $aAi crocevia 504 $aBibliografia: p. 182-186. 600 14$aLonergan, Bernard Joseph Francis,$cS.I.,$d1904-1984$xPensiero politico e sociale.$0(OLS)http://pul/subject/23070 830 0$aAi crocevia.$0(OLS)http://pul/title/142637 850 $aPUL 852 $aPUL$W1$xSL Filosofia 3$y81$m191 GUGGI 1$j129717$qDDC 21$B128778$CPULBib$Z2$F128778 $H108316 $82 941 1 $a9 996 $6020$z978-88-6124-058-2*$9(OLS)http://pul/number/138893 996 $6245$aLa sfida di dirigere se stessi :$bsoggetto esistenziale e teologia fondazionale in Bernard Lonergan$9(OLS)http://pul/title/142638 996 $6260$aTrapani :$bIl pozzo di Giacobbe$9(OLS)http://pul/publisher/79226 LEADER 01073nam a2200265 u 4500 001 000000066630 003 CaOOAMICUS 005 20070226121610.0 008 020121s1992 it u000 u ita u 035 $a10917218 040 $aPUL(R)$bita 100 1 $aBergamaschi, Aldo.$0(OLS)http://pul/name/20218 245 10$aPrimo Mazzolari :$buna voce terapeutica /$cAldo Bergamaschi. 260 $aNegrar :$bIl segno ed.,$c1992. 300 $a94 p. ;$c21 cm 490 1 $aTestimoni di un'Europa senza frontiere ;$v2 504 $aBibliografia: p. 91-94. 600 14$aMazzolari, Primo,$d1890-1959.$0(OLS)http://pul/subject/9408 830 0$aTestimoni di un'Europa senza frontiere ;$v2.$0(OLS)http://pul/title/66040 850 $aPUL 852 $aPUL$W1$xSL Filosofia 1$y2$m102 G 2$j86183$nBK-PRI$b $qStampati$B86183$CPULBib$Z2$F86183 $H $81 941 1 $a8 961 $aINV: 70015 996 $6245$aPrimo Mazzolari :$buna voce terapeutica$9(OLS)http://pul/title/88448 996 $6260$aNegrar :$bIl segno ed.$9(OLS)http://pul/publisher/71377